000
00294 a2200133 4500
001
152482
040
_c
Escola São Tomás de Aquino
240
1
0
_a
Os três porquinhos
_l
por
245
1
0
_a
Os três porquinhos
300
_a
23
440
1
_a
Globo
697
_a
*LITERATURA INFANTO
942
_c
BK
999
_c
152482
_d
152482